ბათუმის შოთა რუსთაველის სახელმწიფო უნივერსიტეტის ბიბლიოთეკა

პედაგოგიური ინვარიანტები (ბიბ.ჩანაწერი № 49553)

000 -LEADER
fixed length control field 00981nam a2200241Ia 4500
001 - CONTROL NUMBER
control field 16485
003 - CONTROL NUMBER IDENTIFIER
control field GE_BSU
008 - FIXED-LENGTH DATA ELEMENTS--GENERAL INFORMATION
fixed length control field 181216s||||||||xx |||||||||||||| ||und||
020 ## - INTERNATIONAL STANDARD BOOK NUMBER
International Standard Book Number 978-9941-420-24-5
040 ## - CATALOGING SOURCE
Transcribing agency GE_BSU
080 ## - UNIVERSAL DECIMAL CLASSIFICATION NUMBER
Universal Decimal Classification number 37.01
100 ## - MAIN ENTRY--PERSONAL NAME
Personal name ფრენე, სელესტენ
245 ## - TITLE STATEMENT
Title პედაგოგიური ინვარიანტები
245 ## - TITLE STATEMENT
Statement of responsibility, etc. ქართ. გამოც. რედ. კახმეგ კუდავა ; რუს. თარგმნეს: ციალა კალმახელიძემ და კახმეგ კუდავამ
260 ## - PUBLICATION, DISTRIBUTION, ETC.
Place of publication, distribution, etc. თბილისი
260 ## - PUBLICATION, DISTRIBUTION, ETC.
Name of publisher, distributor, etc. ინტელქტი
260 ## - PUBLICATION, DISTRIBUTION, ETC.
Date of publication, distribution, etc. [2010]
300 ## - PHYSICAL DESCRIPTION
Extent 108გვ;20სმ.
653 ## - INDEX TERM--UNCONTROLLED
Uncontrolled term პედაგოგიკა
653 ## - INDEX TERM--UNCONTROLLED
Uncontrolled term პედაგოგიური ინვარიანტები; გასაუბრება მშობლებთან
942 ## - ADDED ENTRY ELEMENTS (KOHA)
Koha item type წიგნი
ეგზემპლარები
Withdrawn status Lost status Damaged status Not for loan Date acquired Barcode Date last seen Price effective from Koha item type Public note
        2018-12-17 41038 2018-12-17 2018-12-17 წიგნი  
        2018-12-17 41039 2018-12-17 2018-12-17 წიგნი  
        2018-12-17 41040 2018-12-17 2018-12-17 წიგნი  
        2018-12-17 41041 2018-12-17 2018-12-17 წიგნი  
        2018-12-17 41042 2018-12-17 2018-12-17 წიგნი  
        2018-12-17 41043 2018-12-17 2018-12-17 წიგნი  
        2018-12-17 41044 2018-12-17 2018-12-17 წიგნი  
        2018-12-17 41045 2018-12-17 2018-12-17 წიგნი  
        2018-12-17 41046 2018-12-17 2018-12-17 წიგნი  
        2018-12-17 41047 2018-12-17 2018-12-17 წიგნი  
        2018-12-17 47371 2018-12-17 2018-12-17 წიგნი 2ლ.70თ
        2018-12-17 47372 2018-12-17 2018-12-17 წიგნი 2ლ.70თ
        2018-12-17 47373 2018-12-17 2018-12-17 წიგნი 2ლ.70თ
        2018-12-17 47374 2018-12-17 2018-12-17 წიგნი 2ლ.70თ
        2018-12-17 47375 2018-12-17 2018-12-17 წიგნი 2ლ.70თ
        2018-12-17 47376 2018-12-17 2018-12-17 წიგნი 2ლ.70თ
        2018-12-17 47377 2018-12-17 2018-12-17 წიგნი 2ლ.70თ
        2018-12-17 47378 2018-12-17 2018-12-17 წიგნი 2ლ.70თ
        2018-12-17 47379 2018-12-17 2018-12-17 წიგნი 2ლ.70თ
        2018-12-17 47380 2018-12-17 2018-12-17 წიგნი 2ლ.70თ